Optimalizácia smerovania prevádzky viacbodových spojení v telekomunikačných sieťach pomocou horolezeckého algoritmu a simulovaného žíhania

Salvato in:
Dettagli Bibliografici
Autore principale: Gyén, Boris (Autore)
Altri autori: Filanová, Jana, 1967- (Relatore della tesi)
Natura: Manoscritto Libro
Lingua:slovacco
Pubblicazione: Bratislava : STU v Bratislave FEI, 2005
Soggetti:
Tags: Aggiungi Tag
Nessun Tag, puoi essere il primo ad aggiungerne!!

MARC

LEADER 00000ntm a22000003a 4500
001 stu114799
005 20160719165006.7
008 060320s2005----xo------------------slo-d
040 |a STU  |b slo 
041 0 |a slo 
044 |a xo 
100 1 |a Gyén, Boris  |4 aut 
245 1 |a Optimalizácia smerovania prevádzky viacbodových spojení v telekomunikačných sieťach pomocou horolezeckého algoritmu a simulovaného žíhania 
260 |a Bratislava :  |b STU v Bratislave FEI,  |c 2005 
300 |a 56 s 
650 7 |a Telekomunikácie  |2 stusub 
700 1 |a Filanová, Jana,  |d 1967-  |4 ths  |u E240  |U FEI Fakulta elektrotechniky a informatiky  |T FEI Katedra telekomunikácií  |X 1839  |U E240  |Y 72  |7 A000001839